000 00533nam a2200193Ia 4500
005 20250508151814.0
008 008 250505s9999 xx 000 0 eng d
037 _aTextual
040 _aFEDL
_beng
_cFEDL
041 _aeng
_2eng
084 _a370, CHA
_qFEDL
100 _aChattopadhya Jogendra Nath
_9760020
245 0 _aShiksha tava (Bangoli)
260 _aCalcutta, India
_bOrient Longmans Limited
_c1950
300 _a289p.
650 _aEducation
942 _cTEXL
_h370, CHA
999 _c1332232
_d1332232